|
|
|
|
| LEADER |
01124nam a2200277 a 4500 |
| 001 |
13955 |
| 003 |
BD-DhAAL |
| 008 |
090730s2001 mau c 000 1 eng d |
| 999 |
|
|
|c 3102
|d 3102
|
| 010 |
|
|
|a 2003009227
|
| 020 |
|
|
|a 0195658620
|
| 040 |
|
|
|a DLC
|c DLC
|d DLC
|d BD-DhAAL
|
| 082 |
0 |
0 |
|a 823.7
|2 22
|
| 100 |
1 |
|
|a Shelley, Mary.
|9 39930
|
| 245 |
1 |
0 |
|a Frankenstein /
|c by Mary Shelley ;edited by Anjana Sharma.
|
| 260 |
|
|
|a Boston, MA;
|a New Delhi:
|b Learning Challenge;
|b Oxford University Press,
|c c2001.
|
| 300 |
|
|
|a xliv,219p. ;
|c 21 cm.
|
| 541 |
1 |
|
|e 00013955
|
| 650 |
|
1 |
|a Frankenstein, Victor (Fictitious character)
|v Fiction.
|9 39931
|
| 650 |
|
1 |
|a Monsters
|v Fiction.
|9 39932
|
| 650 |
|
1 |
|a Toleration
|v Fiction.
|9 39933
|
| 650 |
|
1 |
|a Horror stories.
|9 39934
|
| 700 |
1 |
|
|a Sharma,Anjana.
|9 39935
|
| 852 |
4 |
|
|a Ayesha Abed Library
|j General Stacks
|
| 942 |
|
|
|2 ddc
|c BK
|
| 952 |
|
|
|0 0
|1 2
|2 ddc
|3 After returning, please send it to Cataloging team for changing call no.
|4 0
|6 823_010000000000000_SHE
|7 0
|9 2814
|a BRACUL
|b BRACUL
|c GEN
|d 2009-08-30
|g 200.00
|l 2
|m 20
|o 823.01 SHE
|p 3010013955
|q 2018-03-28
|r 2012-07-30
|s 2012-07-30
|t 1
|v 400.00
|w 2009-08-30
|y BK
|